Noc na pol žrde do rána

Bibliographic Details
Main Author: Németh, Gabriel, 1969- (Author)
Format: Article
Language:Slovak
ISSN:1210-2210
Subjects:

MARC

LEADER 00000nab a2200000 a 4500
001 vtls009004400
003 SK-MaSNL
005 20260304151457.0
008 250506c2007 xo qr|p|||||||000 b|slo
015 |a SNBRB2007/07  |2 snkbucl 
035 |a (uuid)e7c93ae3-b400-4f36-9ace-54f93641224b 
035 |a urn:nbn:sk:snk-abc1ty 
035 |a (urnnbn)urn:nbn:sk:snk:ar-003r4x 
038 |a SNKBUCL 
040 |a SNKBUCL  |b slo  |c SNKBUCL  |e AACR2 
041 0 |a slo 
044 |a xo  |c SK 
080 |a 821.162.4-1  |2 1997 
100 1 |a Németh, Gabriel,  |d 1969-  |4 aut  |9 188997 
245 1 0 |a Noc na pol žrde do rána  |c Gabriel Németh 
500 |a Blok obsahuje 6 básní 
650 0 7 |a lyrické básne, slovenské  |2 snkbucl  |9 28980 
740 0 2 |a Posledný dych zvonov 
740 0 2 |a Slnko tvojho Napoleona ... 
740 0 2 |a Prvé hlásenie 
740 0 2 |a Trištvrťová 
740 0 2 |a Povodeň 
740 0 2 |a Jadranská pohľadnica (po rokoch) 
773 0 |t Dotyky  |g Roč. XIX, č. 1 (2007), s. 24  |x 1210-2210 
850 |a Slovenská národná knižnica 
852 |a Slovenská národná knižnica 
958 |a article15 
958 |a OND 
958 |a LX 
958 |a SK 
958 |a EUIPO 
999 |c 2943882  |d 2945812